书目信息 |
| 题名: |
中小学常背小古文
|
|
| 作者: | 李金水 著 | |
| 分册: | ||
| 出版信息: | 南昌 江西人民出版社 2018.6 |
|
| 页数: | 244页 | |
| 开本: | 21cm | |
| 丛书名: | ||
| 单 册: | ||
| 中图分类: | G634.303 | |
| 科图分类: | ||
| 主题词: | 文言文--中小学--教学参考资料 | |
| 电子资源: | ||
| ISBN: | 978-7-210-10348-6 | |
| 000 | 01064nam0 2200229 45 | |
| 001 | 012001003119 | |
| 005 | 20131012103332.0 | |
| 010 | @a978-7-210-10348-6@dCNY29.00 | |
| 100 | @a20181031d2018 em y0chiy0110 ea | |
| 101 | 0 | @achi |
| 102 | @aCN@b360000 | |
| 105 | @ay z 000yy | |
| 106 | @ar | |
| 200 | 1 | @a中小学常背小古文@Azhong xiao xue chang bei xiao gu wen@f李金水著 |
| 210 | @a南昌@c江西人民出版社@d2018.6 | |
| 215 | @a244页@d21cm | |
| 330 | @a为配合2017年中小学语文教育改革,加大传统文化内容、培养学生阅读兴趣、力求提升学生语文素养的总体要求,作者精心编写了这套中小学生学习古文的《中小学常背小古文》参考书。本套书从学生培养兴趣,打好扎实基础,培养多读、多想能力着手,根据中小学生的不同阅读要求,设计了不同的栏目和62组训练试题,所选文章极具代表性和一定的导向性,旨在帮助中小学生有的放矢地进行古诗文阅读,不断提高大家对古诗文阅读、理解以及鉴赏能力,提升大家的古典文化素养。 | |
| 606 | 0 | @a文言文@x中小学@j教学参考资料 |
| 690 | @aG634.303@v5 | |
| 701 | 0 | @a李金水@Ali jin shui@4著 |
| 801 | @b江苏凤凰@c20191020 | |
| 905 | @b1231992-7@dG634.303@e1520@f6 | |
| 中小学常背小古文/李金水著.-南昌:江西人民出版社,2018.6 |
| 244页;21cm |
| ISBN 978-7-210-10348-6:CNY29.00 |
| 为配合2017年中小学语文教育改革,加大传统文化内容、培养学生阅读兴趣、力求提升学生语文素养的总体要求,作者精心编写了这套中小学生学习古文的《中小学常背小古文》参考书。本套书从学生培养兴趣,打好扎实基础,培养多读、多想能力着手,根据中小学生的不同阅读要求,设计了不同的栏目和62组训练试题,所选文章极具代表性和一定的导向性,旨在帮助中小学生有的放矢地进行古诗文阅读,不断提高大家对古诗文阅读、理解以及鉴赏能力,提升大家的古典文化素养。 |
| ● |
| 相关链接 |
|
|
|
|
正题名:中小学常背小古文
索取号:G634.303/1520
 
预约/预借
| 序号 | 登录号 | 条形码 | 馆藏地/架位号 | 状态 | 备注 |
| 1 | 1231992 | 212319926 | 第一样本阅览室/ [索取号:G634.303/1520] | 在馆 | |
| 2 | 1231993 | 212319935 | 教育系资料室/ [索取号:G634.303/1520] | 在馆 | |
| 3 | 1231994 | 212319944 | 教育系资料室/ [索取号:G634.303/1520] | 在馆 | |
| 4 | 1231995 | 212319953 | 教育系资料室/ [索取号:G634.303/1520] | 在馆 | |
| 5 | 1231996 | 212319962 | 第四借阅区/ [索取号:G634.303/1520] | 在馆 | |
| 6 | 1231997 | 212319971 | 第四借阅区/ [索取号:G634.303/1520] | 在馆 |